000 01142nam0a22002531 4500
001 rc\793155
005 20040301143640.2
035 _a(NLR Aleph) 006318257
090 _a7424442
_c7424442
100 _a20040301d1983 u |0rusy50 ca
101 0 _arus
102 _aRU
105 _aa |||||||||
200 1 _aЕдиная система технологической подготовки производства (ЕСТПП)
_eМетод. рекомендации по проведению аттестации технол. процессов. 2 ред.
_fГос. ком. по стандартам (Госстандарт), ВНИИИНмаш
_g[Разраб. к. т. н. Венгеровский Ю.Я. и др.]
210 _aМ.
_cБ. и.
_d1983
215 _a44 с.
_cсхем.
_d21
320 _aБиблиогр.: с. 41-42
702 1 _aВенгеровский
_bЮ. Я.
_gЮрий Яковлевич
_4570
712 0 2 _aВНИИ по нормализации в машиностроении
_3RU\NLR\AUTH\889929882
801 0 _aRU
_bNLR
_gpsbo
801 1 _aRU
_bELAR
_2rusmarc
852 _aNLR
_j83-4/29774
942 _cBOOK
980 _aNB